<?xml version="1.0" encoding="UTF-8"?>
<record
    xmlns:xsi="http://www.w3.org/2001/XMLSchema-instance"
    xsi:schemaLocation="http://www.loc.gov/MARC21/slim http://www.loc.gov/standards/marcxml/schema/MARC21slim.xsd"
    xmlns="http://www.loc.gov/MARC21/slim">

  <leader>03218nam a2200409 i 4500</leader>
  <controlfield tag="003">DO-SdBNP</controlfield>
  <controlfield tag="005">20250522132517.0</controlfield>
  <controlfield tag="007">ta</controlfield>
  <controlfield tag="008">250522b2024    dr ||||| |||| 00| 0 spa d</controlfield>
  <datafield tag="020" ind1=" " ind2=" ">
    <subfield code="a">9789945603941</subfield>
  </datafield>
  <datafield tag="040" ind1=" " ind2=" ">
    <subfield code="a">DO-SdBNP</subfield>
    <subfield code="b">spa</subfield>
    <subfield code="c">BNPHU</subfield>
    <subfield code="e">rda</subfield>
  </datafield>
  <datafield tag="041" ind1=" " ind2=" ">
    <subfield code="a">spa</subfield>
  </datafield>
  <datafield tag="082" ind1=" " ind2="4">
    <subfield code="a">xxx</subfield>
    <subfield code="b">A717d</subfield>
    <subfield code="2">22</subfield>
  </datafield>
  <datafield tag="100" ind1="1" ind2=" ">
    <subfield code="a">Aristy, Francisco A.</subfield>
    <subfield code="e">autor</subfield>
    <subfield code="4">aut.</subfield>
    <subfield code="9">87772</subfield>
  </datafield>
  <datafield tag="245" ind1="1" ind2="4">
    <subfield code="a">Dos temas :</subfield>
    <subfield code="b">el control de la corrupci&#xF3;n y la privaci&#xF3;n de la libertad en el sistema penal dominicano /</subfield>
    <subfield code="c">Francisco A. Aristy [y otros 8] ; presentaci&#xF3;n, Ramonina Brea del Castillo. </subfield>
  </datafield>
  <datafield tag="264" ind1=" " ind2="4">
    <subfield code="a">Santo Domingo, Rep&#xFA;blica Dominicana :</subfield>
    <subfield code="b">Pontificia Universidad Cat&#xF3;lica Madre y Maestra, PUCMM,</subfield>
    <subfield code="b">Centro Universitario de Estudios Pol&#xED;ticos y Sociales, CUEPS,</subfield>
    <subfield code="c">&#xA9;2024.</subfield>
  </datafield>
  <datafield tag="300" ind1=" " ind2=" ">
    <subfield code="a">514 p&#xE1;ginas ;</subfield>
    <subfield code="c">23 cm. </subfield>
  </datafield>
  <datafield tag="336" ind1=" " ind2=" ">
    <subfield code="a">texto</subfield>
    <subfield code="b">txt</subfield>
    <subfield code="2">rdacontent </subfield>
  </datafield>
  <datafield tag="337" ind1=" " ind2=" ">
    <subfield code="a">sin mediaci&#xF3;n </subfield>
    <subfield code="b">n</subfield>
    <subfield code="2">rdamedia </subfield>
  </datafield>
  <datafield tag="338" ind1=" " ind2=" ">
    <subfield code="a">volumen</subfield>
    <subfield code="b">nc</subfield>
    <subfield code="2">rdacarrier </subfield>
  </datafield>
  <datafield tag="490" ind1="0" ind2=" ">
    <subfield code="a">Colecci&#xF3;n ciudadan&#xED;a y pol&#xED;ticas p&#xFA;blicas </subfield>
  </datafield>
  <datafield tag="500" ind1=" " ind2=" ">
    <subfield code="a">Incluye referencias bibliogr&#xE1;ficas y notas al pie de las p&#xE1;ginas</subfield>
  </datafield>
  <datafield tag="500" ind1=" " ind2=" ">
    <subfield code="a">Incluye bibliograf&#xED;a al final de los cap&#xED;tulos</subfield>
  </datafield>
  <datafield tag="500" ind1=" " ind2=" ">
    <subfield code="a">Incluye notas sobre los autores </subfield>
  </datafield>
  <datafield tag="505" ind1=" " ind2=" ">
    <subfield code="a">Presentaci&#xF3;n --</subfield>
    <subfield code="t">Los mecanismos de control de la corrupci&#xF3;n y su eficacia --</subfield>
    <subfield code="t">1. El estatuto del controlador: radiograf&#xED;a critica de los &#xF3;rganos y mecanismos de control a la corrupci&#xF3;n administrativa en la Constituci&#xF3;n dominicana de 2010 /</subfield>
    <subfield code="r">Pedro J. Castellanos Hern&#xE1;ndez --</subfield>
    <subfield code="t">II. El control interno: valoraci&#xF3;n critica del papel de la Contralor&#xED;a General de la Rep&#xFA;blica /</subfield>
    <subfield code="r">Thiaggo Marrero Peralta --</subfield>
    <subfield code="t">III. El control externo: el peso espec&#xED;fico de la C&#xE1;mara de Cuentas /</subfield>
    <subfield code="r">Priscilla Camila Polanco --</subfield>
    <subfield code="t">IV. &#xBF;Corrupci&#xF3;n autorregulada? El combate a la corrupci&#xF3;n desde el compliance corporativo aplicado a los sujetos privados en sus relaciones con el Estado /</subfield>
    <subfield code="r">Tania De Le&#xF3;n --</subfield>
    <subfield code="t">La privaci&#xF3;n de libertad en el sistema penal dominicano --</subfield>
    <subfield code="t">1. Dimensi&#xF3;n constitucional del valor, principio y derecho a la libertas personal: fundamentos proyecciones y mecanismos de garant&#xED;a /</subfield>
    <subfield code="r">Pamela Delgado Jim&#xE9;nez --</subfield>
    <subfield code="t">II. La pol&#xED;tica criminal desde la judicatura: sobre la tensa relaci&#xF3;n entre la libertad y la interpretaci&#xF3;n judicial de la alarma social / </subfield>
    <subfield code="r">Paloma M. Fern&#xE1;ndez Gonzalo --</subfield>
    <subfield code="t">III. El derecho a indemnizaci&#xF3;n por el padecimiento de prisi&#xF3;n preventiva injusta /</subfield>
    <subfield code="r">Manuel A. Rodr&#xED;guez --</subfield>
    <subfield code="t">IV. Libertad y reinserci&#xF3;n social: consecuencias sistem&#xE1;ticas de una promesa incumplida /</subfield>
    <subfield code="r">V&#xED;ctor Adriano Le&#xF3;n Morel --</subfield>
    <subfield code="t">V. M&#xE1;s all&#xE1; de la c&#xE1;rcel: los derechos fundamentales de las personas privadas de libertad /</subfield>
    <subfield code="r">Francisco A. Aristy</subfield>
  </datafield>
  <datafield tag="590" ind1=" " ind2=" ">
    <subfield code="a">Inventariado, 2025 /LP</subfield>
  </datafield>
  <datafield tag="700" ind1="1" ind2=" ">
    <subfield code="a">Castellanos Hern&#xE1;ndez, Pedro J.</subfield>
    <subfield code="e">autor</subfield>
    <subfield code="4">aut.</subfield>
    <subfield code="9">87858</subfield>
  </datafield>
  <datafield tag="700" ind1="1" ind2=" ">
    <subfield code="a">Delgado Jim&#xE9;nez, Pamela</subfield>
    <subfield code="e">autor</subfield>
    <subfield code="4">aut.</subfield>
    <subfield code="9">87859</subfield>
  </datafield>
  <datafield tag="700" ind1="1" ind2=" ">
    <subfield code="a">Fern&#xE1;ndez Gonzalo, Paloma M.</subfield>
    <subfield code="e">autor</subfield>
    <subfield code="4">aut.</subfield>
    <subfield code="9">87860</subfield>
  </datafield>
  <datafield tag="700" ind1="1" ind2=" ">
    <subfield code="a">De Le&#xF3;n, Tania</subfield>
    <subfield code="e">autor</subfield>
    <subfield code="4">aut.</subfield>
    <subfield code="9">87861</subfield>
  </datafield>
  <datafield tag="700" ind1="1" ind2=" ">
    <subfield code="a">Le&#xF3;n Morel, V&#xED;ctor Adriano</subfield>
    <subfield code="e">autor</subfield>
    <subfield code="4">aut.</subfield>
    <subfield code="9">87862</subfield>
  </datafield>
  <datafield tag="700" ind1="1" ind2=" ">
    <subfield code="a">Marrero Peralta, Thiaggo</subfield>
    <subfield code="e">autor</subfield>
    <subfield code="4">aut.</subfield>
    <subfield code="9">81047</subfield>
  </datafield>
  <datafield tag="700" ind1="1" ind2=" ">
    <subfield code="a">Polanco, Priscilla Camila</subfield>
    <subfield code="e">autor</subfield>
    <subfield code="4">aut.</subfield>
    <subfield code="9">87863</subfield>
  </datafield>
  <datafield tag="700" ind1="1" ind2=" ">
    <subfield code="a">Rodr&#xED;guez, Manuel Alejandro</subfield>
    <subfield code="e">autor</subfield>
    <subfield code="4">aut.</subfield>
    <subfield code="9">81049</subfield>
  </datafield>
  <datafield tag="910" ind1=" " ind2=" ">
    <subfield code="a">LP</subfield>
  </datafield>
  <datafield tag="942" ind1=" " ind2=" ">
    <subfield code="2">ddc</subfield>
    <subfield code="c">LBS1</subfield>
  </datafield>
  <datafield tag="952" ind1=" " ind2=" ">
    <subfield code="0">0</subfield>
    <subfield code="1">0</subfield>
    <subfield code="2">ddc</subfield>
    <subfield code="5">1</subfield>
    <subfield code="7">0</subfield>
    <subfield code="8">PD</subfield>
    <subfield code="a">BNPHU</subfield>
    <subfield code="b">BNPHU</subfield>
    <subfield code="c">CT</subfield>
    <subfield code="d">2025-02-05</subfield>
    <subfield code="e">Dep&#xF3;sito Legal</subfield>
    <subfield code="l">0</subfield>
    <subfield code="o">xxx A717d</subfield>
    <subfield code="p">2025-2487</subfield>
    <subfield code="r">2025-04-03</subfield>
    <subfield code="w">2025-04-03</subfield>
    <subfield code="y">LBS1</subfield>
  </datafield>
  <datafield tag="952" ind1=" " ind2=" ">
    <subfield code="0">0</subfield>
    <subfield code="1">0</subfield>
    <subfield code="2">ddc</subfield>
    <subfield code="5">1</subfield>
    <subfield code="7">0</subfield>
    <subfield code="8">PD</subfield>
    <subfield code="a">BNPHU</subfield>
    <subfield code="b">BNPHU</subfield>
    <subfield code="c">CT</subfield>
    <subfield code="d">2025-02-05</subfield>
    <subfield code="e">Dep&#xF3;sito Legal</subfield>
    <subfield code="l">0</subfield>
    <subfield code="o">xxx A717d</subfield>
    <subfield code="p">2025-2489</subfield>
    <subfield code="r">2025-04-03</subfield>
    <subfield code="t">e.2</subfield>
    <subfield code="w">2025-04-03</subfield>
    <subfield code="y">LBS1</subfield>
    <subfield code="z">\</subfield>
  </datafield>
  <datafield tag="952" ind1=" " ind2=" ">
    <subfield code="0">0</subfield>
    <subfield code="1">0</subfield>
    <subfield code="2">ddc</subfield>
    <subfield code="5">6</subfield>
    <subfield code="7">0</subfield>
    <subfield code="8">DS</subfield>
    <subfield code="a">BNPHU</subfield>
    <subfield code="b">BNPHU</subfield>
    <subfield code="c">CT</subfield>
    <subfield code="d">2025-02-05</subfield>
    <subfield code="e">Dep&#xF3;sito Legal</subfield>
    <subfield code="l">0</subfield>
    <subfield code="o">xxx A717d</subfield>
    <subfield code="p">2025-2490</subfield>
    <subfield code="r">2025-04-03</subfield>
    <subfield code="t">e.3</subfield>
    <subfield code="w">2025-04-03</subfield>
    <subfield code="y">LBS1</subfield>
  </datafield>
  <datafield tag="999" ind1=" " ind2=" ">
    <subfield code="c">58588</subfield>
    <subfield code="d">58588</subfield>
  </datafield>
</record>
